Kľúčové faktory pri budovaní informačných systémov diplomová práca

Na minha lista:
Detalhes bibliográficos
Autor principal: Bujdoš, Martin
Autor Corporativo: Fakulta hospodárskej informatiky EU. Katedra aplikovanej informatiky
Outros Autores: Jurík, Pavol, 1987-
Formato: Livro
Idioma:eslovaco
Publicado em: Bratislava 2017
Tags: Adicionar Tag
Sem tags, seja o primeiro a adicionar uma tag!

MARC

LEADER 00000nbm a2200000 4500
001 0232956
005 20180413095307.8
041 0 |a slo 
044 |a SK 
245 1 0 |a Kľúčové faktory pri budovaní informačných systémov  |b diplomová práca  |c Martin Bujdoš ; školiteľ: Pavol Jurík 
264 1 |a Bratislava  |c 2017 
300 |a 89 s. 
100 1 |a Bujdoš, Martin 
700 1 |a Jurík, Pavol, 1987- 
710 2 |a Fakulta hospodárskej informatiky EU. Katedra aplikovanej informatiky